Регионална библиотека "Любен Каравелов" - Русе

Порги и Бесс (Запис номер 296992)

MARC детайли
000 -Лидер
Контролно поле с фиксирана дължина 01336ncm a2200337 c 4500
003 - Код на организацията, давaща контролен номер
Контролно поле BLK
005 - Дата и час на последна редакция
Контролно поле 20250312095704.0
008 - Елементи от данни с фиксирана дължина
fixed length control field 180414b bul |a|er|||| |0| c|bulo|
010 ## - Наследен системен номер
LC control number NOT00000342000
040 ## - Източник на каталожния запис
Идентификатор на билиотеката - собственик на записа BLK
041 ## - Код за език
Код за езика на текст/звукозапис или на отделно заглавие Руски
Код за езика КДБФ Руски
080 ## - УДК
Текстов определител УДК Опера. Музикална драма. Романтична опера. Опера-приказка
УДК код - определител по УДК 782.1
УДК определител
УДК - код + определител 782.1
100 ## - Редна дума - Автор
Автор Гершуин, Джордж
Дати, свързани с автора 1898-1937
Автор - информация (биография) Американски композитор и пианист
R(LIN) 279433
139 ## - Редно поле
Редна дума Гершуин, Джордж
Авторски знак Геро - Г 41
245 10 - Сведения за заглавието
Заглавие Порги и Бесс
Подзаглавни данни Опера в 3 д.
Редно поле (дума) Джордж Гершуин; либрето Хайуърд Дюбозе; либрето Айра Гершуин.
246 11 - Различни форми на заглавието
Паралелно заглавие Porgy and Bess
Подзаглавни данни Opera in 3 Актс
254 ## - Сведения за формата на нотното издание
Формат на описваните ноти Клавир
257 ## - Страна на издаване
Страна на създаване/издаване Русия
260 ## - Област на издателските данни
-- Москва
Име на издателя, разпространителя и проч. Музыка 2140
Година на издаване 1965
300 ## - Физическа характеристика
Страници 519 с.
Размери/Мащаб 30 см
380 ## - Жанр
Жанр Изкуство
500 ## - Общи забележки
Забележка Текст на англ. и рус. ез.
700 1# - Други автори (авторска отговорност)
Лично име Дюбозе, Хайуърд
Автороска отговорност (Описва отношението между автора и произведението) либрето
9 (RLIN) 66134
700 1# - Други автори (авторска отговорност)
Лично име Гершуин, Айра
Автороска отговорност (Описва отношението между автора и произведението) либрето
9 (RLIN) 361641
852 ## - Местоположение
Форматна сигнатура Цб М ІІ 3494
Част 0
856 4# - Електронен адрес и достъп
Електронен формат pdf - файл
Път до файла /url/
856 4# - Електронен адрес и достъп
Електронен формат pdf - файл
Път до файла /url/
942 ## - АРТИКУЛИ
Вид на библиотечния материал Нотни издания
Скрит в OPAC Не
944 ## - СЪЗДАВАНЕ И РЕДАКЦИЯ на ЗАПИСА
Създаване/Редакция Създаване
Дата на регистрацията/редакция 15.12.2003
Служител, извършил регистрацията/редакцията 30560
Статус, дата на статуса Геновева Генчева
944 ## - СЪЗДАВАНЕ И РЕДАКЦИЯ на ЗАПИСА
Създаване/Редакция Редакция
Дата на регистрацията/редакция 23.11.2004
Служител, извършил регистрацията/редакцията
999 ## - СИСТЕМНИ КОНТРОЛНИ НОМЕРА
Koha biblionumber 296992
Koha biblioitemnumber 296992
Наличности
Код за отписване Код за изгубен артикул Източник на класификационната схема Код за повреда Коз за рестрикции Код за отдаване Артикулен № Име на библиотеката - собственик Име на библиотеката, в която се намира в момента Статус (Текущо местоположение) Дата на вписване в системата Местоположение - отдел Цена в лева Инвентарен номер Систематично азбучна сигнатура Баркод Номер на екземпляра Цена в евро Служебна бележка Служебен тип на артикула
  Не е изгубен Universal Decimal Classification Не е повреден само за читалня ползва се в читалня 647462 Регионална библиотека "Любен Каравелов" Русе Регионална библиотека "Любен Каравелов" Русе Хранилище 1965-01-01 Основен фонд - ползва се само за читалня 6.76 16285/65 Цб М II 3494 900000104385 1 3.46 N: стар фонд Дата: 01.01.1965 Нотни издания
  Не е изгубен Universal Decimal Classification Не е повреден само за читалня ползва се в читалня 647463 Регионална библиотека "Любен Каравелов" Русе Регионална библиотека "Любен Каравелов" Русе Основен фонд - ползва се само за читалня 1965-01-01 Хранилище 0.01 2805/66 Цб М II 3494 900000104465 2 0.01 N: стар фонд Дата: 01.01.1965 Нотни издания
Vip Innovations Ltd, Rousse, Bulgaria 2025